000 00622nam a22001937a 4500
003 0
005 20230619094427.0
008 230619b xxu||||| |||| 00| 0 eng d
020 _a971-630-070-0
082 _aFil. 398.2
_b.C957 c1997
245 _aThe warriors dance and other classic Philippine sky tales
_cCruz, Neni Sta. Romana
260 _aMakati City
_bTahanan Books for Young Readers
_cc1997
300 _a56pp.
_bcol. ill.
_c25cm.
500 _aTales.
500 _aChildren-Books and reading.
500 _aFolklore and children.
504 _aIncludes bibliographical references.
942 _2ddc
_cBK
999 _c365004
_d365004